<?xml version="1.0" encoding="UTF-8"?>
<record
    xmlns:xsi="http://www.w3.org/2001/XMLSchema-instance"
    xsi:schemaLocation="http://www.loc.gov/MARC21/slim http://www.loc.gov/standards/marcxml/schema/MARC21slim.xsd"
    xmlns="http://www.loc.gov/MARC21/slim">

  <leader>01086nam a2200277 i 4500</leader>
  <controlfield tag="001">000000199735</controlfield>
  <controlfield tag="003">IT-MiSPE</controlfield>
  <controlfield tag="005">20250225120044.0</controlfield>
  <controlfield tag="008">031003s1991    xx            000 b ita c</controlfield>
  <datafield tag="020" ind1=" " ind2=" ">
    <subfield code="a">88 399 2006 4</subfield>
  </datafield>
  <datafield tag="040" ind1=" " ind2=" ">
    <subfield code="a">IT-MiSPE</subfield>
    <subfield code="b">ita</subfield>
    <subfield code="c">IT-MiSPE</subfield>
  </datafield>
  <datafield tag="082" ind1=" " ind2=" ">
    <subfield code="a">226.4-Lc* FIT jo (ppv 23355)</subfield>
  </datafield>
  <datafield tag="100" ind1="1" ind2=" ">
    <subfield code="a">Fitzmyer, Joseph A.,</subfield>
    <subfield code="c">s.j.,</subfield>
    <subfield code="d">1920-2016.</subfield>
    <subfield code="9">61689</subfield>
  </datafield>
  <datafield tag="240" ind1="1" ind2="0">
    <subfield code="a">Luke the theologian: aspects of his teaching. Italiano. 1991</subfield>
  </datafield>
  <datafield tag="245" ind1="1" ind2="0">
    <subfield code="a">Luca teologo :</subfield>
    <subfield code="b">aspetti del suo insegnamento /</subfield>
    <subfield code="c">Joseph A. Fitzmyer ; traduzione dall'americano di Enzo Gatti.</subfield>
  </datafield>
  <datafield tag="260" ind1=" " ind2=" ">
    <subfield code="a">Brescia :</subfield>
    <subfield code="b">Queriniana,</subfield>
    <subfield code="c">1991.</subfield>
  </datafield>
  <datafield tag="300" ind1=" " ind2=" ">
    <subfield code="a">192 p. ;</subfield>
    <subfield code="c">23 cm</subfield>
  </datafield>
  <datafield tag="490" ind1="1" ind2=" ">
    <subfield code="a">Biblioteca biblica ;</subfield>
    <subfield code="v">006</subfield>
  </datafield>
  <datafield tag="500" ind1=" " ind2=" ">
    <subfield code="a">Tit. orig.: Luke the theologian: aspects of his teaching. Italiano. 1991</subfield>
  </datafield>
  <datafield tag="504" ind1=" " ind2=" ">
    <subfield code="a">Commentari e bibliografia scelta: pp. [179]-180</subfield>
  </datafield>
  <datafield tag="655" ind1="0" ind2="7">
    <subfield code="a">Sacra Scrittura. Studi sul Nuovo Testamento</subfield>
    <subfield code="x">Luca: Vangelo - Atti degli Apostoli.</subfield>
    <subfield code="2">local</subfield>
    <subfield code="9">57665</subfield>
  </datafield>
  <datafield tag="700" ind1="1" ind2=" ">
    <subfield code="a">Gatti, Enzo,</subfield>
    <subfield code="e">tr.</subfield>
    <subfield code="9">61690</subfield>
  </datafield>
  <datafield tag="830" ind1=" " ind2="0">
    <subfield code="a">Biblioteca biblica ;</subfield>
    <subfield code="v">006.</subfield>
    <subfield code="9">60837</subfield>
  </datafield>
  <datafield tag="942" ind1=" " ind2=" ">
    <subfield code="2">ddc</subfield>
    <subfield code="c">BK</subfield>
  </datafield>
  <datafield tag="999" ind1=" " ind2=" ">
    <subfield code="c">360399</subfield>
    <subfield code="d">360399</subfield>
  </datafield>
  <datafield tag="952" ind1=" " ind2=" ">
    <subfield code="0">0</subfield>
    <subfield code="1">0</subfield>
    <subfield code="2">ddc</subfield>
    <subfield code="4">0</subfield>
    <subfield code="6">226_000000000000000_4LC_FIT_JO_PPV_23355</subfield>
    <subfield code="7">1</subfield>
    <subfield code="a">CINISELLO</subfield>
    <subfield code="b">CINISELLO</subfield>
    <subfield code="d">2025-02-25</subfield>
    <subfield code="l">0</subfield>
    <subfield code="o">226.4-Lc* FIT jo (ppv 23355)</subfield>
    <subfield code="p">9788839920064</subfield>
    <subfield code="r">2025-02-25 12:01:10</subfield>
    <subfield code="w">2025-02-25</subfield>
    <subfield code="y">BK</subfield>
  </datafield>
</record>
